Brani con più settimane in prima posizione (FIMI Singoli) - Statistics

Statistiche generali
  • Questo quiz è stato fatto 31 volte
  • Il punteggio medio è 10 su 20
Statistiche sulle risposte
n° settimane #1 Anno Artista Canzone % Corretto
10 2022 Mahmood & Blanco Brividi
93%
12 2024 Tony Effe & Gaia Sesso e samba
83%
11 2015 Baby K feat. Giusy Ferreri Roma-Bangkok
66%
10 2016 Álvaro Soler Sofia
66%
10 2014 Pharrell Williams Happy
62%
10 2017 J-Ax & Fedez feat. T-Pain Senza pagare
59%
16 2010 Shakira feat. Freshlyground Waka Waka
59%
11 2018 Takagi & Ketra feat. Giusy Ferreri & Sean Kingston Amore e capoeira
52%
11 2023 The Kolors Italodisco
52%
13 2014 Enrique Iglesias feat. Descemer Bueno & Gente de Zona Bailando
48%
12 2009 Artisti Uniti per l'Abruzzo Domani 21/04.2009
48%
11 2022 Fedez, Tananai & Mara Sattei La dolce vita
45%
10 2011 Don Omar feat. Lucenzo Danza kuduro
41%
11 2013 Daft Punk feat. Pharrell Williams Get Lucky
34%
12 2008/09 Giusy Ferreri Novembre
34%
12 2013 Avicii feat. Aloe Blacc Wake Me Up
34%
13 2008 Giusy Ferreri Non ti scordar mai di me
31%
11 2012 Gusttavo Lima Balada
28%
11 2011 Adele Someone like You
24%
14 2005/06 Madonna Hung Up
14%
Nessun quiz corrispondente trovato
Distribuzione punteggi
Percentuale di utenti per punteggio
Percentile per numero di risposta
I tuoi punteggi nel tempo
Non hai fatto questo quiz